000 00540nam a2200169Ia 4500
003 IN-BaIIA
008 211028s9999 xx 000 0 eng d
040 _cIIA Library
080 _a535
_bSTO
100 _aStone, John M.
_95422
245 0 _aRadiation and optics
_ban Introduction to the classical theory
_cJohn M. Stone
260 _aNew York
_bMcGraw-Hill
_c1963
300 _axvi, 544p.
650 _aAstronomy and Astrophysics Thesaurus
650 _aOptics Radiation
_95423
942 _cBK
999 _c3051
_d3051